书目信息 |
| 题名: |
跳绳
|
|
| 作者: | 王守中 编著 | |
| 分册: | ||
| 出版信息: | 北京 人民体育出版社 1980 |
|
| 页数: | 108页 | |
| 开本: | 19cm | |
| 丛书名: | 体育锻炼方法丛书 | |
| 单 册: | ||
| 中图分类: | G889 | |
| 科图分类: | ||
| 主题词: | 跳绳 , 体育 | |
| 电子资源: | ||
| ISBN: | ||
| 000 | 00696nam2 2200277 45 | |
| 001 | 0180004716 | |
| 005 | 20061102153640.81 | |
| 010 | @dCNY0.30 | |
| 091 | @a7015.1903 | |
| 100 | @a19950623d1980 em y0chiy0121 ea | |
| 101 | 0 | @achi |
| 102 | @aCN@b110000 | |
| 105 | @aa z 000yy | |
| 106 | @ar | |
| 200 | 10 | @a跳绳@Atiao sheng@f王守中编著 |
| 210 | @a北京@c人民体育出版社@d1980 | |
| 215 | @a108页@c插图@d19cm | |
| 225 | 2 | @a体育锻炼方法丛书 |
| 410 | 0 | @120010@a体育锻炼方法丛书 |
| 606 | @a跳绳 | |
| 606 | 0 | @a体育 |
| 690 | @aG889@v3 | |
| 701 | 0 | @a王守中@Awang shou zhong@4编著 |
| 801 | 0 | @aCN@b上海图书馆@c20061102 |
| 801 | 2 | @aCN@bNLC@c20040507 |
| 905 | @f1@b96926@dG889@eW090 | |
| 跳绳/王守中编著.-北京:人民体育出版社,1980 |
| 108页:插图;19cm.-(体育锻炼方法丛书) |
| ISBN :CNY0.30 |
| ● |
| 相关链接 |
|
|
|
|
正题名:跳绳
索取号:G889/W090
 
预约/预借
| 序号 | 登录号 | 条形码 | 馆藏地/架位号 | 状态 | 备注 |
| 1 | 0096926 | 000990903 | 密集书库/ [索取号:G889/W090] | 在馆 | |
| 2 | 0096928 | 000990912 | 第一样本阅览室/ [索取号:G889/W090] | 在馆 |